| 000 | 00730nam a2200241Ia 4500 | ||
|---|---|---|---|
| 001 | 1091 | ||
| 003 | GE_BSU | ||
| 008 | 181216s||||||||xx |||||||||||||| ||und|| | ||
| 020 | _a9789668604362 | ||
| 040 | _cGE_BSU | ||
| 080 | _a616.96(075.8) | ||
| 100 | _aТопоров,Г.Н. | ||
| 245 | _aКлиническая анатомия таза и промежности | ||
| 245 | _bУчебное пособие для студ.и врачей-интернов | ||
| 260 | _aХарьков | ||
| 260 | _bКоллегиум | ||
| 260 | _c2008 | ||
| 300 | _a512стр. | ||
| 541 | _h20л. | ||
| 653 | _aКлиническая анатомия таза и промежности | ||
| 653 | _aмедицина | ||
| 942 | _cBK | ||
| 999 |
_c35244 _d35244 |
||